000 00301nmm a2200097Ia 4500
008 220120s9999||||xx |||||||||||||||||und||
020 _a0-07-136172-3
100 _aGupta, Vikas and Kognet solutions Inc.
_95836
245 0 _aComputer concepts and C programming
260 _aKognet solutions Inc.
_bNew york
999 _c139581
_d139581